000 00727nam a22002057a 4500
999 _c19921
_d19921
005 20251125232919.0
008 s2527 th tha d
040 _aNALT
041 _atha
100 0 _aคมกริช วัฒนเสถียร
245 1 0 _aวาทะนักกฎหมาย[2nd]
260 3 _aกรุงเทพฯ :
_bบัณฑิตไทย,
_c2527
300 _a285 หน้า ;
_b 21 ซม.
650 0 4 _aกฎหมาย -- รวมเรื่อง
850 _aNALT
856 4 0 _uhttps://hdl.handle.net/20.500.14156/464390
_71
942 _cLB
_2lcc
998 _j25
_k นีลวัสน์ อินทรักษา
090 _aKC43 ค145ว 2527